El español en Salta, lengua y sociedad
Збережено в:
| Автор: | |
|---|---|
| Формат: | Книга |
| Мова: | Іспанська |
| Опубліковано: |
Buenos Aires
Academia Argentina de Letras
2006
|
| Редагування: | 1a. ed |
| Серія: | Estudios Lingüísticos y Filológicos, 9
|
| Предмети: | |
| Теги: |
Додати тег
Немає тегів, Будьте першим, хто поставить тег для цього запису!
|
MARC
| LEADER | 00000nam a2200000 a 4500 | ||
|---|---|---|---|
| 001 | UCJ1987 | ||
| 003 | CL-VaPUC | ||
| 008 | 061124e20060000AG |||||||||||||||||spa|d | ||
| 020 | |a 9505850891 | ||
| 082 | 0 | 4 | |a 413.028 |b MAR |2 21 |
| 100 | |a Martorell de Laconi, Susana |e autora |9 502829 | ||
| 245 | 1 | 3 | |a El español en Salta, lengua y sociedad |
| 250 | |a 1a. ed | ||
| 300 | |a 302 p | ||
| 942 | |c BK | ||
| 945 | |d 20061124 00:00:00 |a cmena | ||
| 260 | |a Buenos Aires |b Academia Argentina de Letras |c 2006 | ||
| 650 | 0 | |a Investigación lingüística |9 329785 | |
| 650 | 0 | |a Lexicografía |9 321487 | |
| 650 | 0 | |a Sociolingüística |9 263716 | |
| 650 | 0 | |a Idioma español |9 309143 | |
| 651 | 7 | |a SALTA |2 CL-VaPUC |9 502830 | |
| 651 | 0 | |a Argentina |9 254888 | |
| 583 | |a last modification |c 20061124 00:00:00 |k Rodrigo Vera | ||
| 490 | 0 | |a Estudios Lingüísticos y Filológicos, 9 | |
| 999 | |c 318409 |d 318407 | ||
| 952 | |0 0 |1 0 |4 0 |6 413_028000000000000_MAR_2006 |7 0 |8 A |9 396184 |a FDOPOS |b FDOPOS |d 2019-11-22 |i 4301048 |o 413.028 MAR 2006 |p 4301048 |r 2025-01-22 |w 2019-11-22 |y BK |k MLA | ||